00470nam a22001572 4500001001100000005001700011008004100028020002800069040001500097050001500112100003000127245008000157260003000237300001600267650002900283000000536920151217152003.0070612s xx 000 0 eng d a1843340437 :cKES 5,460 aKABUcKABU 0aZ693b.R431 aRead, Jane M.@000015664810aCataloguing without tears :bmanaging knowledge in the information society. aOxford :bChandos,c2003. axxi, 236 p. 0aCataloguing.@0000156644